| 000 | 00480nam a2200169Ia 4500 | ||
|---|---|---|---|
| 999 |
_c30185 _d30185 |
||
| 003 | OSt | ||
| 005 | 20201125152118.0 | ||
| 008 | 190216s9999||||xx |||||||||||||| ||und|| | ||
| 040 | _coclc | ||
| 082 |
_a920 _bDAY/P |
||
| 100 |
_aDayabayi _96871 |
||
| 245 | 0 |
_aPachaviral : Dayabayiyude Athmakadha / _cDayabayi ; Wilson Issac |
|
| 260 |
_bD C Books , _c2017. _aKottayam; |
||
| 300 | _a151p | ||
| 650 | _aMalayalam | ||
| 942 |
_cBK _2ddc _h920 _iDAY/P _k920 _mDAY/P |
||